书目信息 |
| 题名: |
商品流通企业会计学
|
|
| 作者: | 张志康 主编 | |
| 分册: | ||
| 出版信息: | 成都 电子科技大学出版社 1993.12 |
|
| 页数: | 492页 | |
| 开本: | 20cm | |
| 丛书名: | ||
| 单 册: | ||
| 中图分类: | F715.51 | |
| 科图分类: | ||
| 主题词: | 商业会计 | |
| 电子资源: | ||
| ISBN: | 7-81016-995-5 | |
| 000 | 00859nam0 2200253 45 | |
| 001 | 01200660034053 | |
| 005 | 20060912151905.85 | |
| 010 | @a7-81016-995-5@dCNY38.80 | |
| 092 | @aCN@b493834 | |
| 100 | @a20060512e1993 em y0chiy0120 ea | |
| 101 | 0 | @achi |
| 102 | @aCN@b510000 | |
| 105 | @ay z 000yy | |
| 200 | 1 | @a商品流通企业会计学@Ashang pin liu tong qi ye hui ji xue@f张志康主编@Fzhang zhi kang zhu bian |
| 210 | @a成都@c电子科技大学出版社@d1993.12@h2005重印 | |
| 215 | @a492页@d20cm | |
| 300 | @a学校财务管理基础知识 | |
| 330 | @a本书共分十五章,内容包括:货币资金和短期投资的核算、商品存货的核算、非商品存货的核算、固定资产和在建工程的核算、流动负债的核算等。 | |
| 606 | 0 | @a商业会计 |
| 690 | @aF715.51@v4 | |
| 701 | 0 | @a张志康@Azhang zhi kang@4主编 |
| 801 | 0 | @aCN@bLZJBOOK@c20060912 |
| 905 | @aBZT@dF715.51@e1 | |
| 906 | @dCNY38.80@n0@r1 | |
| 商品流通企业会计学/张志康主编.-成都:电子科技大学出版社,1993.12(2005重印) |
| 492页;20cm |
| 学校财务管理基础知识 |
| ISBN 7-81016-995-5:CNY38.80 |
| 本书共分十五章,内容包括:货币资金和短期投资的核算、商品存货的核算、非商品存货的核算、固定资产和在建工程的核算、流动负债的核算等。 |
| ● |
| 相关链接 |
|
|
|
正题名:商品流通企业会计学
索取号:F715.51/1
 
预约/预借
| 序号 | 登录号 | 条形码 | 馆藏地/架位号 | 状态 | 备注 |
| 1 | 455653 | 230012047 | 中心书库北库/ 北库038架B面4列4层21/ [索取号:F715.51/1] | 在馆 | |
| 2 | 455654 | 230012046 | 中心书库北库/ 北库038架B面4列4层22/ [索取号:F715.51/1] | 在馆 | |
| 3 | 455655 | 230012044 | 中心书库北库/ 北库038架B面4列4层23/ [索取号:F715.51/1] | 在馆 | |
| 4 | 455656 | 230012045 | 中心书库北库/ 北库038架B面4列4层19/ [索取号:F715.51/1] | 在馆 | |
| 5 | 455657 | 230012043 | 中心书库北库/ 北库038架B面4列4层20/ [索取号:F715.51/1] | 在馆 |